[Event "CAN-op"]
[Site "Edmonton CAN"]
[Date "2000.07.12"]
[Round "6"]
[White "Beebe, Greg"]
[Black "McCusky, Louis"]
[Result "1-0"]
[WhiteElo "1861"]
[BlackElo "1558"]
[PlyCount "83"]
[GameId "2160767911686517"]
[EventDate "2000.07.08"]
[EventType "swiss"]
[EventRounds "10"]
[EventCountry "CAN"]

1. e4 c6 2. d4 d5 3. e5 Bf5 4. c4 e6 5. Nc3 Bb4 6. Nf3 Nd7 7. Be2 dxc4 8. Bxc4 Nb6 9. Bb3 Ne7 10. O-O Ned5 11. Nxd5 Nxd5 12. Bd2 Be7 13. a3 O-O 14. Bc2 Bg4 15. Kh1 Bxf3 16. Qxf3 Qb6 17. Qd3 g6 18. Rab1 Rfd8 19. Rfe1 c5 20. Re4 c4 21. Qxc4 Rac8 22. Qb3 Qxb3 23. Bxb3 b6 24. g4 Kg7 25. f4 h6 26. Kg2 Bh4 27. Kh3 g5 28. f5 a5 29. Rf1 Rd7 30. Re2 b5 31. Bxa5 exf5 32. gxf5 Nf4+ 33. Rxf4 gxf4 34. Kxh4 Rxd4 35. Rf2 Rc1 36. Bd2 f3+ 37. Kh5 Rh1 38. e6 f6 39. Bxh6+ Kh8 40. e7 Re4 41. Be6 Rxh2+ 42. Rxh2 1-0

[Event "CAN-op"]
[Site "Edmonton CAN"]
[Date "2000.07.12"]
[Round "6"]
[White "Birgani, Farokh"]
[Black "Bukowski, George"]
[Result "0-1"]
[WhiteElo "1685"]
[BlackElo "1662"]
[PlyCount "130"]
[GameId "2160767911686518"]
[EventDate "2000.07.08"]
[EventType "swiss"]
[EventRounds "10"]
[EventCountry "CAN"]

1. e4 c5 2. Bc4 d6 3. Nf3 Nf6 4. d3 e6 5. O-O Be7 6. e5 dxe5 7. Nxe5 O-O 8. f4 Nbd7 9. Qf3 Nxe5 10. fxe5 Qd4+ 11. Qe3 Nd7 12. Qxd4 cxd4 13. Bf4 b6 14. Rf3 Bb7 15. Rg3 Kh8 16. Nd2 Rad8 17. c3 dxc3 18. bxc3 Nc5 19. d4 Ne4 20. Nxe4 Bxe4 21. a4 Rc8 22. Ba6 Rc7 23. a5 Rb8 24. c4 bxa5 25. d5 Bc5+ 26. Kf1 Rb2 27. d6 Rd7 28. Bc8 Rd8 29. d7 Rf2+ 30. Ke1 Rxf4 31. Rxa5 Bf2+ 32. Ke2 Bxg3 33. hxg3 Rg4 34. Rxa7 Rxg3 35. Rc7 Rd3 36. c5 Kg8 37. c6 Kf8 38. Ba6 Rc3 39. Rc8 Ke7 40. Bb7 Bxc6 41. Bxc6 Rxc6 42. Rxc6 Rxd7 43. Ke3 f6 44. Ke4 fxe5 45. Kxe5 Rd5+ 46. Ke4 Kf6 47. g4 h5 48. gxh5 Rxh5 49. Kf4 Rh4+ 50. Kg3 g5 51. Rc8 Rf4 52. Rf8+ Ke5 53. Rg8 Rf5 54. Kg4 Ke4 55. Ra8 Rd5 56. Ra4+ Ke3 57. Ra3+ Rd3 58. Ra6 e5 59. Kxg5 e4 60. Ra1 Kf2 61. Kf4 e3 62. Rh1 e2 63. Rh2+ Ke1 64. Rh1+ Kd2 65. Rh2 Kd1 0-1

[Event "CAN-op"]
[Site "Edmonton CAN"]
[Date "2000.07.12"]
[Round "6"]
[White "Blakely, Grant"]
[Black "Rock, Dawn"]
[Result "0-1"]
[WhiteElo "1147"]
[BlackElo "1302"]
[PlyCount "96"]
[GameId "2160767911686519"]
[EventDate "2000.07.08"]
[EventType "swiss"]
[EventRounds "10"]
[EventCountry "CAN"]

1. e4 c5 2. Nf3 d6 3. Nc3 Nc6 4. Bb5 Bd7 5. Qe2 g6 6. O-O Bg7 7. Bc4 e6 8. d3 a6 9. a4 Nge7 10. Bd2 O-O 11. b3 Na5 12. e5 d5 13. d4 Nxc4 14. bxc4 cxd4 15. Nxd4 dxc4 16. Nf3 Rc8 17. Ne4 Nf5 18. g3 Qc7 19. Bb4 Rfd8 20. a5 Bxe5 21. c3 Bd6 22. Rfd1 Bxb4 23. Nf6+ Kg7 24. Rxd7 Rxd7 25. Nxd7 Bxc3 26. Rd1 Bxa5 27. Qe5+ Qxe5 28. Nfxe5 c3 29. Nf3 b5 30. Ne1 b4 31. Ra1 Bd8 32. Nc2 b3 33. Nb4 c2 34. Nxc2 bxc2 35. Ne5 c1=Q+ 36. Rxc1 Rxc1+ 37. Kg2 Rc2 38. Nd7 a5 39. Nb8 a4 40. Na6 Be7 41. g4 Nh4+ 42. Kg3 a3 43. g5 Bxg5 44. Kg4 h6 45. Nb4 Rc4+ 46. f4 Rxf4+ 47. Kh3 Rxb4 48. Kg3 a2 0-1

[Event "CAN-op"]
[Site "Edmonton CAN"]
[Date "2000.07.12"]
[Round "6"]
[White "Boehmer, Kris"]
[Black "Gomboc, Dave"]
[Result "1-0"]
[WhiteElo "2140"]
[BlackElo "1991"]
[PlyCount "127"]
[GameId "2160767911686520"]
[EventDate "2000.07.08"]
[EventType "swiss"]
[EventRounds "10"]
[EventCountry "CAN"]

1. d4 d5 2. Nf3 e6 3. e3 c5 4. c3 Nf6 5. Nbd2 b6 6. Ne5 Bd6 7. f4 Nfd7 8. Qh5 Nxe5 9. fxe5 g6 10. Qf3 Be7 11. Bb5+ Bd7 12. O-O O-O 13. Bd3 f5 14. exf6 Bxf6 15. Qe2 e5 16. dxe5 Bxe5 17. Nf3 Nc6 18. e4 c4 19. Bc2 Bg4 20. exd5 Bxf3 21. Rxf3 Qxd5 22. Be4 Qe6 23. Bh6 Bg7 24. Bxg7 Kxg7 25. Re3 Rae8 26. Re1 Qd6 27. Qxc4 Ne5 28. Qe2 Nf7 29. Bc2 Rxe3 30. Qxe3 Rd8 31. Bb3 Rd7 32. h3 a5 33. Rf1 Ne5 34. Rd1 Qc5 35. Qxc5 Rxd1+ 36. Bxd1 bxc5 37. Be2 Kf6 38. Kf2 Ke6 39. Ke3 Kd6 40. Kf4 h6 41. Ke4 Nd7 42. Bf3 Ne5 43. h4 a4 44. Be2 Nd7 45. Bb5 Nf6+ 46. Kf3 a3 47. bxa3 Nd5 48. c4 Nb6 49. a4 Ke5 50. a5 Nc8 51. a6 Kd6 52. Ke4 Kc7 53. Ke5 Ne7 54. g4 Nc8 55. Kf6 h5 56. g5 Nd6 57. a4 Nf5 58. Kxg6 Nxh4+ 59. Kxh5 Nf5 60. g6 Kb6 61. Kg5 Ng7 62. Kf6 Nh5+ 63. Kf7 Ka7 64. g7 1-0

[Event "CAN-op"]
[Site "Edmonton CAN"]
[Date "2000.07.12"]
[Round "6"]
[White "Bowerman, Robert"]
[Black "Boron, Anthony"]
[Result "0-1"]
[WhiteElo "2116"]
[BlackElo "1862"]
[PlyCount "42"]
[GameId "2160767911686521"]
[EventDate "2000.07.08"]
[EventType "swiss"]
[EventRounds "10"]
[EventCountry "CAN"]

1. d4 Nf6 2. c4 e6 3. Nc3 Bb4 4. e3 b6 5. Nge2 Ne4 6. f3 Bxc3+ 7. bxc3 Nf6 8. e4 d6 9. Ng3 O-O 10. Bd3 Nbd7 11. O-O c5 12. f4 Bb7 13. e5 Ne8 14. Ne4 cxd4 15. cxd4 dxe5 16. fxe5 Nxe5 17. dxe5 Qd4+ 18. Kh1 Qxa1 19. Ng5 g6 20. Nxh7 Kxh7 21. Qh5+ Kg8 0-1

[Event "CAN-op"]
[Site "Edmonton CAN"]
[Date "2000.07.12"]
[Round "6"]
[White "Bowles, Charles"]
[Black "Cable, Lindi"]
[Result "1-0"]
[WhiteElo "1632"]
[BlackElo "1312"]
[PlyCount "63"]
[GameId "2160767911686522"]
[EventDate "2000.07.08"]
[EventType "swiss"]
[EventRounds "10"]
[EventCountry "CAN"]

1. Nf3 Nf6 2. g3 g6 3. Bg2 Bg7 4. d3 O-O 5. e4 d6 6. O-O e5 7. Nbd2 Nbd7 8. a4 b6 9. d4 exd4 10. e5 dxe5 11. Nxe5 Rb8 12. Nc6 Qe8 13. Re1 Ne5 14. Rxe5 Qd7 15. Nxb8 Qd6 16. Nc4 Qb4 17. b3 Ng4 18. Bd2 Qxd2 19. Qxd2 Nxe5 20. Nxe5 Bxe5 21. Nc6 Bg7 22. Ne7+ Kh8 23. Nxc8 Rxc8 24. Re1 Rd8 25. Re7 c5 26. Qe2 Rg8 27. Re8 Bf8 28. Qe5+ Bg7 29. Rxg8+ Kxg8 30. Qe8+ Bf8 31. Bd5 Kg7 32. Qxf7+ 1-0

[Event "CAN-op"]
[Site "Edmonton CAN"]
[Date "2000.07.12"]
[Round "6"]
[White "Campbell, Jamie"]
[Black "Neumann, Ralph"]
[Result "0-1"]
[WhiteElo "1436"]
[BlackElo "1707"]
[PlyCount "74"]
[GameId "2160767911686523"]
[EventDate "2000.07.08"]
[EventType "swiss"]
[EventRounds "10"]
[EventCountry "CAN"]

1. e4 c5 2. Nf3 d6 3. d3 Nc6 4. g3 g6 5. Bg2 Bg7 6. O-O Nf6 7. Nbd2 Bg4 8. h3 Bd7 9. Kh2 Qc7 10. Ng1 e5 11. f4 exf4 12. gxf4 O-O-O 13. Kh1 h5 14. Ngf3 Nh7 15. a4 Rhf8 16. Nc4 a5 17. c3 f5 18. Qb3 Nf6 19. Nfd2 Be8 20. Nb6+ Kb8 21. Nd5 Nxd5 22. exd5 Ne7 23. Qc4 Bf7 24. Ra3 b6 25. Rb3 Ka7 26. Re1 Qb7 27. Re6 Bxe6 28. dxe6 d5 29. Qb5 Qa6 30. Qxa6+ Kxa6 31. c4 d4 32. Nf3 Rd6 33. Ng5 Re8 34. Kh2 Bf6 35. Nf3 Rxe6 36. Ne5 Bxe5 37. fxe5 Rxe5 0-1

[Event "CAN-op"]
[Site "Edmonton CAN"]
[Date "2000.07.12"]
[Round "6"]
[White "Carayanniotis, Jason"]
[Black "Gibson, Vince"]
[Result "0-1"]
[WhiteElo "977"]
[BlackElo "1446"]
[PlyCount "90"]
[GameId "2160767911686524"]
[EventDate "2000.07.08"]
[EventType "swiss"]
[EventRounds "10"]
[EventCountry "CAN"]

1. d4 d5 2. Nc3 Nf6 3. Bg5 e6 4. e4 Bb4 5. Bd3 Bxc3+ 6. bxc3 dxe4 7. Bxe4 c6 8. Bxf6 Qxf6 9. Nf3 Nd7 10. O-O O-O 11. Qd3 g6 12. g4 e5 13. h4 Qg7 14. g5 f5 15. gxf6 Qxf6 16. Kh1 Rf7 17. Rg1 exd4 18. Bxg6 Qxf3+ 19. Qxf3 Rxf3 20. Be4+ Kf8 21. Bxf3 Ne5 22. Bh5 dxc3 23. Rae1 Nf7 24. Bxf7 Kxf7 25. Rd1 Be6 26. Rd3 Bxa2 27. Rf3+ Ke6 28. Re3+ Kd6 29. Rg7 Bd5+ 30. Kh2 b5 31. Rxc3 b4 32. Re3 a5 33. Re1 a4 34. Ra1 a3 35. Rg4 c5 36. h5 a2 37. Rgg1 c4 38. Rgd1 b3 39. cxb3 cxb3 40. Rd2 Rb8 41. Rb2 Kc5 42. Kg3 Ra8 43. Kg4 Kb4 44. Re2 Bc4 45. Ree1 b2 0-1

[Event "CAN-op"]
[Site "Edmonton CAN"]
[Date "2000.07.12"]
[Round "6"]
[White "Caron, Harvey"]
[Black "Smith, Maurice"]
[Result "0-1"]
[WhiteElo "1736"]
[BlackElo "1838"]
[PlyCount "85"]
[GameId "2160767911686525"]
[EventDate "2000.07.08"]
[EventType "swiss"]
[EventRounds "10"]
[EventCountry "CAN"]

1. d4 Nf6 2. c4 c5 3. Nc3 cxd4 4. Qxd4 Nc6 5. Qd3 g6 6. Nf3 d6 7. e4 Bg7 8. Be2 O-O 9. a3 Bg4 10. Nd2 Ne5 11. Qc2 Rc8 12. Bxg4 Nfxg4 13. Nd1 b5 14. h3 Nf6 15. Ne3 bxc4 16. O-O e6 17. f4 Nd3 18. Ndxc4 Nxc1 19. Raxc1 d5 20. exd5 exd5 21. Kh1 dxc4 22. Nxc4 Nh5 23. Qf2 Qd4 24. Qxd4 Bxd4 25. Rfd1 Rfd8 26. b3 Ng3+ 27. Kh2 Ne2 28. Rc2 Nxf4 29. Rcd2 Ne6 30. g4 Bb6 31. Nxb6 axb6 32. Rd6 Rxd6 33. Rxd6 Rb8 34. a4 Nc5 35. b4 Nxa4 36. Kg3 Rc8 37. Rd4 Nb2 38. Kf4 Rc4 39. Rxc4 Nxc4 40. Ke4 Na3 41. h4 Nc2 42. Kd5 Nxb4+ 43. Kc4 0-1

[Event "CAN-op"]
[Site "Edmonton CAN"]
[Date "2000.07.12"]
[Round "6"]
[White "Chi, Jonathan"]
[Black "Steinke, Wally"]
[Result "1-0"]
[WhiteElo "1392"]
[BlackElo "1731"]
[PlyCount "91"]
[GameId "2160767911686526"]
[EventDate "2000.07.08"]
[EventType "swiss"]
[EventRounds "10"]
[EventCountry "CAN"]

1. d4 Nf6 2. c4 d5 3. cxd5 Nxd5 4. e4 Nb6 5. Nc3 e6 6. a3 c5 7. Nf3 Nc6 8. Be3 cxd4 9. Nxd4 Bd7 10. Be2 e5 11. Nf3 Be7 12. O-O O-O 13. Rc1 Rc8 14. Qd2 Be6 15. Qxd8 Rfxd8 16. Rfd1 Nc4 17. Bxc4 Bxc4 18. Nd5 Be2 19. Nxe7+ Nxe7 20. Rxd8+ Rxd8 21. Nxe5 f6 22. Nf3 Nc6 23. Nd2 Nd4 24. f3 Bxf3 25. Bxd4 Bxg2 26. Kxg2 Rxd4 27. Rc2 Kf7 28. Kf3 g5 29. Ke3 Rd7 30. Nf3 h5 31. Nd4 h4 32. Nb5 b6 33. Rc7 Rxc7 34. Nxc7 Kg6 35. Nd5 Kf7 36. Kf3 Ke6 37. Kg4 Ke5 38. b4 b5 39. Nc7 Kxe4 40. Nxb5 f5+ 41. Kxg5 f4 42. Nc3+ Ke5 43. Nd1 Ke4 44. Nf2+ Ke3 45. Ng4+ Ke4 46. Kxh4 1-0

[Event "CAN-op"]
[Site "Edmonton CAN"]
[Date "2000.07.12"]
[Round "6"]
[White "Chiba, James"]
[Black "Clemens, John"]
[Result "0-1"]
[WhiteElo "1750"]
[BlackElo "1564"]
[PlyCount "96"]
[GameId "2160767911686527"]
[EventDate "2000.07.08"]
[EventType "swiss"]
[EventRounds "10"]
[EventCountry "CAN"]

1. e4 e5 2. Nc3 Nf6 3. Bc4 Nc6 4. d3 Bc5 5. f4 d6 6. Nf3 a6 7. fxe5 dxe5 8. Bg5 h6 9. Bh4 Bg4 10. h3 Bh5 11. g4 Bg6 12. Qd2 Qd6 13. a3 O-O-O 14. O-O-O Rd7 15. Bxf6 Qxf6 16. Rhf1 Qd8 17. b4 Bd6 18. Kb2 Nd4 19. Nxd4 exd4 20. Na4 b5 21. Bd5 bxa4 22. b5 c5 23. bxc6 Qb6+ 24. Ka2 Ra7 25. Rb1 Qc5 26. Rb4 a5 27. Rxa4 Kc7 28. Rb1 Rb8 29. Rb7+ Rbxb7 30. cxb7 Kb8 31. Rc4 Qxa3+ 32. Kb1 Rxb7+ 33. Bxb7 Kxb7 34. Rxd4 Be5 35. Qe3 Bxd4 36. Qxd4 Qb4+ 37. Qxb4+ axb4 38. c3 bxc3 39. Kc2 f6 40. Kxc3 Kc6 41. Kd4 Kd6 42. Ke3 Be8 43. h4 g5 44. hxg5 hxg5 45. d4 Bd7 46. Kf3 Bc8 47. Kg3 Kc6 48. Kf3 Bd7 0-1

[Event "CAN-op"]
[Site "Edmonton CAN"]
[Date "2000.07.12"]
[Round "6"]
[White "Chow, Vincent"]
[Black "Hansen, Steve"]
[Result "1-0"]
[WhiteElo "2042"]
[BlackElo "1781"]
[PlyCount "83"]
[GameId "2160767911686528"]
[EventDate "2000.07.08"]
[EventType "swiss"]
[EventRounds "10"]
[EventCountry "CAN"]

1. d4 d5 2. c4 c6 3. Nc3 Nf6 4. Nf3 e6 5. e3 Nbd7 6. Qc2 Bd6 7. Bd3 dxc4 8. Bxc4 O-O 9. O-O b5 10. Bd3 Re8 11. e4 e5 12. d5 Bb7 13. dxc6 Bxc6 14. Bxb5 Bxb5 15. Nxb5 Rc8 16. Qe2 Bc5 17. Bg5 Qb6 18. Nc3 Bd4 19. Rac1 Rb8 20. Rc2 Qa5 21. Rfc1 Rec8 22. Bd2 Nb6 23. b3 a6 24. Nd5 Rxc2 25. Nxf6+ gxf6 26. Rxc2 Qa3 27. Nxd4 exd4 28. Bh6 Kh8 29. g3 Qd6 30. Bf4 d3 31. Qd2 Qd4 32. Rc3 Rc8 33. Rxd3 Qxe4 34. Rd8+ Kg7 35. Rxc8 Nxc8 36. h4 Ne7 37. Kh2 Nf5 38. Be3 Qe5 39. Bf4 Qb5 40. Be3 Qe5 41. Bf4 Nxh4 42. gxh4 1-0

[Event "CAN-op"]
[Site "Edmonton CAN"]
[Date "2000.07.12"]
[Round "6"]
[White "Chranowski, Rick"]
[Black "Kuczaj, Chris"]
[Result "1-0"]
[WhiteElo "1882"]
[BlackElo "2072"]
[PlyCount "67"]
[GameId "2160767911686529"]
[EventDate "2000.07.08"]
[EventType "swiss"]
[EventRounds "10"]
[EventCountry "CAN"]

1. Nc3 c5 2. f4 Nc6 3. Nf3 g6 4. e4 Bg7 5. Bc4 e6 6. e5 d5 7. exd6 Qxd6 8. d3 Nf6 9. O-O O-O 10. Kh1 Na5 11. Nb5 Qe7 12. Qe1 Nxc4 13. dxc4 b6 14. Bd2 a6 15. Nc3 Bb7 16. Ne5 Rad8 17. Be3 Qc7 18. Qe2 Ne8 19. Bf2 Nd6 20. Bh4 f6 21. Nf3 Rfe8 22. Rad1 Qc6 23. Rfe1 Rc8 24. Bg3 Nf5 25. Bf2 h5 26. Rd3 Nd6 27. Re3 Kf7 28. Rxe6 Kf8 29. Nd5 Rxe6 30. Qxe6 Nxc4 31. Qxc6 Rxc6 32. b3 Na5 33. Nxb6 c4 34. b4 1-0

[Event "CAN-op"]
[Site "Edmonton CAN"]
[Date "2000.07.12"]
[Round "6"]
[White "Clark, Alan"]
[Black "Campbell, Brett"]
[Result "0-1"]
[WhiteElo "2003"]
[BlackElo "2229"]
[PlyCount "56"]
[GameId "2160767911686530"]
[EventDate "2000.07.08"]
[EventType "swiss"]
[EventRounds "10"]
[EventCountry "CAN"]

1. e4 g6 2. d4 Bg7 3. Nc3 c6 4. Nf3 d6 5. Bc4 Nf6 6. Bb3 O-O 7. O-O Bg4 8. h3 Bxf3 9. Qxf3 e5 10. dxe5 dxe5 11. Bg5 h6 12. Rad1 Qe7 13. Be3 Nbd7 14. Rd2 Nc5 15. Bxc5 Qxc5 16. Rfd1 Qe7 17. Rd3 h5 18. g3 Bh6 19. Kg2 Rad8 20. Qe2 b5 21. a3 Kg7 22. Rxd8 Rxd8 23. Rd3 Rd4 24. f3 h4 25. Qd1 Rxd3 26. Qxd3 hxg3 27. Ne2 Nh5 28. a4 Qc5 0-1

[Event "CAN-op"]
[Site "Edmonton CAN"]
[Date "2000.07.12"]
[Round "6"]
[White "Daku, Zoltan"]
[Black "Brodie, Hugh"]
[Result "0-1"]
[WhiteElo "1717"]
[BlackElo "1968"]
[PlyCount "58"]
[GameId "2160767911686531"]
[EventDate "2000.07.08"]
[EventType "swiss"]
[EventRounds "10"]
[EventCountry "CAN"]

1. d4 e6 2. Nf3 f5 3. Bg5 Nf6 4. Nbd2 b6 5. e4 fxe4 6. Nxe4 Be7 7. Nxf6+ Bxf6 8. Bxf6 Qxf6 9. Be2 Bb7 10. Qd3 Nc6 11. a3 Ne7 12. c4 Ng6 13. g3 O-O 14. O-O Bxf3 15. Bxf3 Qxf3 16. Qxf3 Rxf3 17. Kg2 Raf8 18. b4 Rd3 19. Rfd1 Rff3 20. d5 e5 21. c5 Rxd1 22. Rxd1 Rxa3 23. h4 bxc5 24. h5 Nf8 25. bxc5 Rc3 26. c6 dxc6 27. d6 cxd6 28. Rxd6 a5 29. Rd8 a4 0-1

[Event "CAN-op"]
[Site "Edmonton CAN"]
[Date "2000.07.12"]
[Round "6"]
[White "Das, Samir"]
[Black "Bubar, Rob"]
[Result "0-1"]
[WhiteElo "1396"]
[BlackElo "1666"]
[PlyCount "72"]
[GameId "2160767911686532"]
[EventDate "2000.07.08"]
[EventType "swiss"]
[EventRounds "10"]
[EventCountry "CAN"]

1. e4 c6 2. Bc4 d5 3. exd5 cxd5 4. Bb5+ Nc6 5. Nf3 e6 6. O-O Bd7 7. d3 Nf6 8. Bg5 Be7 9. Qd2 O-O 10. Re1 Rc8 11. Qe3 Ng4 12. Bxe7 Nxe3 13. Bxd8 Nxc2 14. Be7 Rfe8 15. Bc5 Nxa1 16. Na3 b6 17. Be3 Nb8 18. Rxa1 a6 19. Bxd7 Nxd7 20. b3 b5 21. Re1 b4 22. Nb1 Rc2 23. a4 bxa3 24. Nxa3 Ra2 25. Nb1 Rc8 26. Nd4 e5 27. Nf5 Kf8 28. d4 f6 29. dxe5 fxe5 30. b4 Rcc2 31. Bd2 d4 32. Rd1 Rcb2 33. Rc1 Ra1 34. Rc8+ Kf7 35. Rc7 Rbxb1+ 36. Bc1 Rxc1+ 0-1

[Event "CAN-op"]
[Site "Edmonton CAN"]
[Date "2000.07.12"]
[Round "6"]
[White "Dean, Tim"]
[Black "Daniluk, Jim"]
[Result "0-1"]
[WhiteElo "1853"]
[BlackElo "2123"]
[PlyCount "36"]
[GameId "2160767911686534"]
[EventDate "2000.07.08"]
[EventType "swiss"]
[EventRounds "10"]
[EventCountry "CAN"]

1. e4 c5 2. Nf3 Nc6 3. d4 cxd4 4. Nxd4 Nf6 5. Nc3 e5 6. Ndb5 d6 7. Bg5 a6 8. Na3 b5 9. Bxf6 gxf6 10. Nd5 f5 11. Bd3 Be6 12. c3 Bg7 13. Nc2 O-O 14. Ndb4 Nxb4 15. Nxb4 Qg5 16. Qf3 f4 17. O-O Bg4 18. h4 Qh5 0-1

[Event "CAN-op"]
[Site "Edmonton CAN"]
[Date "2000.07.12"]
[Round "6"]
[White "Deane, Lloyd"]
[Black "Martinson, Rick"]
[Result "1-0"]
[WhiteElo "1582"]
[BlackElo "1750"]
[PlyCount "59"]
[GameId "2160767911686535"]
[EventDate "2000.07.08"]
[EventType "swiss"]
[EventRounds "10"]
[EventCountry "CAN"]

1. b3 d5 2. Bb2 Nf6 3. e3 e6 4. Nf3 Be7 5. d4 O-O 6. Nbd2 Nbd7 7. Bd3 b6 8. O-O Bb7 9. Re1 c5 10. c4 Rc8 11. e4 dxe4 12. Nxe4 cxd4 13. Nxd4 Nxe4 14. Bxe4 Bxe4 15. Rxe4 Nc5 16. Re1 Bf6 17. Rb1 Re8 18. Nb5 Bxb2 19. Rxb2 Qf6 20. Rd2 Rcd8 21. Nd6 Rf8 22. b4 Na6 23. Qa4 Qe7 24. Red1 Nb8 25. b5 Rd7 26. Qb3 Rfd8 27. Qb4 Rc7 28. Nf5 Rxd2 29. Nxe7+ Rxe7 30. Rxd2 1-0

[Event "CAN-op"]
[Site "Edmonton CAN"]
[Date "2000.07.12"]
[Round "6"]
[White "Deimert, Elroy"]
[Black "Gemmell, Ian"]
[Result "1-0"]
[WhiteElo "1713"]
[BlackElo "1344"]
[PlyCount "49"]
[GameId "2160767911686536"]
[EventDate "2000.07.08"]
[EventType "swiss"]
[EventRounds "10"]
[EventCountry "CAN"]

1. e4 e5 2. Nf3 f5 3. Nc3 d6 4. Bc4 Nd7 5. d4 f4 6. dxe5 dxe5 7. Qd5 Nh6 8. Nxe5 c6 9. Qe6+ Be7 10. Nf7 Nc5 11. Nxd8 Nxe6 12. Nxe6 Bxe6 13. Bxe6 Bd6 14. Bd2 a5 15. O-O-O Ke7 16. Bf5 g6 17. Bh3 Be5 18. f3 b5 19. Ne2 c5 20. Nxf4 Nf7 21. Nd5+ Kf8 22. Bf4 b4 23. Bxe5 Nxe5 24. Nc7 Rc8 25. Bxc8 1-0

[Event "CAN-op"]
[Site "Edmonton CAN"]
[Date "2000.07.12"]
[Round "6"]
[White "Faust, Steven"]
[Black "Phimester, Alex"]
[Result "1-0"]
[WhiteElo "1874"]
[BlackElo "1479"]
[PlyCount "57"]
[GameId "2160767911686537"]
[EventDate "2000.07.08"]
[EventType "swiss"]
[EventRounds "10"]
[EventCountry "CAN"]

1. Nf3 d5 2. c4 dxc4 3. Nc3 Bg4 4. e3 e6 5. Bxc4 Nf6 6. d4 g6 7. Qa4+ c6 8. Be2 Qd7 9. Ne5 Qc7 10. Nxg4 Nxg4 11. Bxg4 b5 12. Qc2 Bg7 13. Nxb5 Qa5+ 14. Nc3 O-O 15. O-O c5 16. Bf3 cxd4 17. exd4 Bxd4 18. Bxa8 Bxc3 19. Qxc3 Qxc3 20. bxc3 Nd7 21. Bf3 Nb6 22. Bh6 Rc8 23. Rfd1 Na4 24. Rd7 Nxc3 25. Rc1 Ne2+ 26. Bxe2 Rxc1+ 27. Bxc1 Kg7 28. g4 e5 29. g5 1-0

[Event "CAN-op"]
[Site "Edmonton CAN"]
[Date "2000.07.12"]
[Round "6"]
[White "Gillanders, Robert"]
[Black "Lipnowski, Michael"]
[Result "1-0"]
[WhiteElo "1871"]
[BlackElo "1618"]
[PlyCount "73"]
[GameId "2160767911686538"]
[EventDate "2000.07.08"]
[EventType "swiss"]
[EventRounds "10"]
[EventCountry "CAN"]

1. d4 Nf6 2. c4 g6 3. Nc3 Bg7 4. e4 d6 5. f3 O-O 6. Be3 Nbd7 7. Qd2 c5 8. d5 Ne5 9. h3 a6 10. f4 Ned7 11. Nf3 Qc7 12. Rc1 Rb8 13. a4 Rd8 14. Bd3 e6 15. O-O exd5 16. cxd5 Re8 17. Rfe1 c4 18. Bc2 b5 19. axb5 axb5 20. Nd4 Ba6 21. Bf2 Nc5 22. b4 cxb3 23. Nxb3 Nxb3 24. Bxb3 Qb7 25. e5 dxe5 26. fxe5 b4 27. Na4 Nd7 28. e6 fxe6 29. dxe6 Ne5 30. Nc5 Qb5 31. Qf4 Nd3 32. Nxd3 Qxd3 33. Qf7+ Kh8 34. Rc7 Rg8 35. e7 Bb5 36. e8=Q Rbxe8 37. Rxe8 1-0

[Event "CAN-op"]
[Site "Edmonton CAN"]
[Date "2000.07.12"]
[Round "6"]
[White "Goude, Brian"]
[Black "MacFie, Bob"]
[Result "1-0"]
[WhiteElo "1868"]
[BlackElo "1627"]
[PlyCount "31"]
[GameId "2160767911686539"]
[EventDate "2000.07.08"]
[EventType "swiss"]
[EventRounds "10"]
[EventCountry "CAN"]

1. e4 d6 2. d4 Nf6 3. Bc4 c6 4. Qe2 e5 5. dxe5 dxe5 6. Nf3 Bc5 7. Bxf7+ Kf8 8. Nxe5 Qa5+ 9. Nc3 Bxf2+ 10. Qxf2 Qxe5 11. Bf4 Nxe4 12. Qe3 Qe7 13. O-O Bf5 14. Nxe4 Qxe4 15. Qxe4 Bxe4 16. Bd6# 1-0

[Event "CAN-op"]
[Site "Edmonton CAN"]
[Date "2000.07.12"]
[Round "6"]
[White "Goutor, Evgeni"]
[Black "Milne, Arthur"]
[Result "0-1"]
[WhiteElo "1702"]
[BlackElo "1929"]
[PlyCount "52"]
[GameId "2160767911686540"]
[EventDate "2000.07.08"]
[EventType "swiss"]
[EventRounds "10"]
[EventCountry "CAN"]

1. e4 e6 2. d3 d5 3. Nd2 Nc6 4. g3 e5 5. Bg2 Nf6 6. Ngf3 Be7 7. O-O O-O 8. Qe2 Bg4 9. h3 Nd4 10. Qd1 Bxf3 11. Nxf3 Nxf3+ 12. Qxf3 d4 13. Bd2 c5 14. Qf5 Nd7 15. h4 Rc8 16. Bh3 Rc7 17. f4 Bd6 18. Rf2 Qf6 19. Qxf6 Nxf6 20. f5 c4 21. Bg5 Nd7 22. f6 Nc5 23. fxg7 Re8 24. Raf1 cxd3 25. b4 Nxe4 26. Rxf7 Rxf7 0-1

[Event "CAN-op"]
[Site "Edmonton CAN"]
[Date "2000.07.12"]
[Round "6"]
[White "Goutor, Valentina"]
[Black "Strojevs, Alexander"]
[Result "0-1"]
[WhiteElo "1605"]
[BlackElo "1904"]
[PlyCount "64"]
[GameId "2160767911686541"]
[EventDate "2000.07.08"]
[EventType "swiss"]
[EventRounds "10"]
[EventCountry "CAN"]

1. e4 c5 2. d4 cxd4 3. c3 dxc3 4. Nxc3 Nc6 5. Nf3 e6 6. Bc4 Nf6 7. O-O a6 8. Qe2 Qc7 9. Rd1 Be7 10. h3 O-O 11. Be3 b5 12. Bb3 d6 13. Rac1 Qb7 14. a3 Rd8 15. Nh2 Na5 16. Bc2 Nc4 17. Bb1 Nxe3 18. Qxe3 Bd7 19. Qg3 Bc6 20. f3 Rac8 21. Ng4 Nxg4 22. Qxg4 a5 23. Qf4 h6 24. Qe3 b4 25. Ne2 d5 26. exd5 Bxd5 27. Kh1 Rxc1 28. Qxc1 Bxf3 29. Rxd8+ Bxd8 30. gxf3 Qxf3+ 31. Kg1 Bb6+ 32. Kh2 Qxe2+ 0-1

[Event "CAN-op"]
[Site "Edmonton CAN"]
[Date "2000.07.12"]
[Round "6"]
[White "Goutor, Yaroslav"]
[Black "Klokow, John"]
[Result "0-1"]
[WhiteElo "1493"]
[BlackElo "1783"]
[PlyCount "110"]
[GameId "2160767911686542"]
[EventDate "2000.07.08"]
[EventType "swiss"]
[EventRounds "10"]
[EventCountry "CAN"]

1. e4 e5 2. Nf3 Nc6 3. Bc4 Nf6 4. Ng5 Bc5 5. Nxf7 Bxf2+ 6. Kf1 Qe7 7. Nxh8 d5 8. exd5 Nd4 9. h3 Bg3 10. c3 Qc5 11. d3 Nb3 12. Qf3 Nxa1 13. Qxg3 Qe7 14. Na3 Bd7 15. d6 cxd6 16. Nf7 d5 17. Nxe5 dxc4 18. Nexc4 Be6 19. Kf2 Nc2 20. Nxc2 Bxc4 21. dxc4 Ne4+ 22. Kf3 Nxg3 23. Re1 Qxe1 24. Nxe1 Nf5 25. Nd3 Rd8 26. Ke2 Kf7 27. Bg5 Re8+ 28. Kf2 Nd6 29. Be3 Nxc4 30. Bxa7 Ra8 31. Be3 Nxe3 32. Kxe3 Rxa2 33. g4 b6 34. h4 g6 35. Kf4 Ra4+ 36. b4 Ra3 37. Ne5+ Ke6 38. c4 Ra1 39. Nf3 Kf6 40. g5+ Ke6 41. c5 bxc5 42. bxc5 Ra4+ 43. Kg3 Kd5 44. c6 Kxc6 45. Ne5+ Kd6 46. Nf3 Ke6 47. h5 gxh5 48. Nh4 Rg4+ 49. Kh3 Rxg5 50. Nf3 Rg4 51. Nh2 Kf5 52. Nf3 Ke4 53. Nd2+ Ke3 54. Nf1+ Kf2 55. Nd2 h6 0-1

[Event "CAN-op"]
[Site "Edmonton CAN"]
[Date "2000.07.12"]
[Round "6"]
[White "Grumic, Sasha"]
[Black "Gomes, Alan"]
[Result "1-0"]
[WhiteElo "2233"]
[BlackElo "1946"]
[PlyCount "109"]
[GameId "2160767911686543"]
[EventDate "2000.07.08"]
[EventType "swiss"]
[EventRounds "10"]
[EventCountry "CAN"]

1. e4 e5 2. Nf3 Nc6 3. Bb5 d6 4. d4 exd4 5. Nxd4 Bd7 6. O-O g6 7. c4 Bg7 8. Be3 Nge7 9. Nc3 O-O 10. Bxc6 Bxc6 11. Nd5 Bd7 12. Qb3 c5 13. Nf3 Bc6 14. Rad1 b6 15. e5 Bxd5 16. cxd5 dxe5 17. Bg5 Qd6 18. Nd2 h6 19. Ne4 Qd8 20. Bf6 Bxf6 21. Nxf6+ Kg7 22. Ng4 f6 23. Ne3 Qd7 24. f4 exf4 25. Rxf4 Rad8 26. Qc3 Qc7 27. Re4 Rd6 28. b4 Rfd8 29. Qc4 Qc8 30. Rxe7+ Kf8 31. Rxa7 cxb4 32. Qxb4 Kg8 33. Qe4 f5 34. Qe7 R8d7 35. Rxd7 Qxd7 36. Qxd7 Rxd7 37. d6 b5 38. a4 bxa4 39. Nc4 a3 40. Nxa3 Kf7 41. Nc4 Rd8 42. d7 Ke6 43. Nb6 Ke7 44. Kf2 g5 45. Kf3 Ke6 46. Re1+ Kd6 47. Re8 Kc7 48. Ke3 f4+ 49. Ke4 h5 50. Kd5 g4 51. Rxd8 Kxd8 52. Kd6 f3 53. Nc4 fxg2 54. Ne5 g1=Q 55. Nc6# 1-0